00293nam a2200109Ia 4500008004100000041001200041100002000053245008200073260000600155650000600161700001600167221030s9999 xx 000 0 und d aEnglish aA. S. Tenenbaum 0aDistributed Systems : Principles & Paradigmscby A. S. Tenenbaum, M. V. Steen c0 aB aM. V. Steen